000 00313nam a22001457a 4500
008 221012b ||||| |||| 00| 0 eng d
020 _a0821216635
041 _aeng
080 _a7
082 _a7
100 _a21.1
101 _aart
245 _aTHE IMPRESSIONIST REVOLUTION
_cBERNARD B
942 _2udc
_cBK
999 _c58520
_d58520